00358nam a2200121Ia 4500008004000000082001300040100000600053245006300059260007500122300001300197440000700210650001900217210210b1969 xxu||||| |||| 00| 0 eng d a828 COLL a- aCollected works of Mahatma Gandhi. V1-70.V44 Jul-Dec 1930. aN DbPublication Division Ministry of Information & Broadcastingc1969 axxxi,497 a44 aMahatma Gandhi